The project management communications toolkit / (Record no. 345475)
[ view plain ]
| 000 -LEADER | |
|---|---|
| fixed length control field | 01337 a2200217 4500 |
| 020 ## - INTERNATIONAL STANDARD BOOK NUMBER | |
| International Standard Book Number | 1580537472 |
| 020 ## - INTERNATIONAL STANDARD BOOK NUMBER | |
| International Standard Book Number | 9781580537476 |
| 082 04 - DEWEY DECIMAL CLASSIFICATION NUMBER | |
| Classification number | 658.4038 |
| 090 ## - LOCALLY ASSIGNED LC-TYPE CALL NUMBER (OCLC); LOCAL CALL NUMBER (RLIN) | |
| -- | 2985 |
| -- | 2985 |
| 100 1# - MAIN ENTRY--PERSONAL NAME | |
| Personal name | Pritchard, Carl. |
| 245 14 - TITLE STATEMENT | |
| Title | The project management communications toolkit / |
| Statement of responsibility, etc. | Carl Pritchard. |
| 260 ## - PUBLICATION, DISTRIBUTION, ETC. | |
| Place of publication, distribution, etc. | [S.l.] : |
| Name of publisher, distributor, etc. | Artech Print on Demand, |
| Date of publication, distribution, etc. | 2004. |
| 300 ## - PHYSICAL DESCRIPTION | |
| Extent | 220 p. ; |
| Dimensions | 27 cm. |
| 490 1# - SERIES STATEMENT | |
| Series statement | Artech house project management library. |
| 500 ## - GENERAL NOTE | |
| General note | Hardcover. |
| 520 ## - SUMMARY, ETC. | |
| Summary, etc. | Effective communication is every project managerÂ’s most powerful tool. Helping you achieve a high level of communications expertise and success is the goal of this book and CD-ROM package. This practical resource shows you how to coordinate the efforts of teams of project members and maintain an open dialog with senior executives. The book explains how to energize projects, create momentum, and achieve success by talking and listening to your staff. Moreover you learn how to effectively communicate project status and requirements to executive managemen |
| 830 ## - SERIES ADDED ENTRY--UNIFORM TITLE | |
| Uniform title | Artech house project management librar |
| 856 ## - ELECTRONIC LOCATION AND ACCESS | |
| Materials specified | Amazon.com |
| Uniform Resource Identifier | <a href="http://www.amazon.com/exec/obidos/ASIN/1580537472/chopaconline-">http://www.amazon.com/exec/obidos/ASIN/1580537472/chopaconline-</a> |
| 856 ## - ELECTRONIC LOCATION AND ACCESS | |
| Materials specified | Amazon customer reviews |
| Uniform Resource Identifier | <a href="http://www.chopac.org/cgi-bin/tools/azrev.pl?q=15805374">http://www.chopac.org/cgi-bin/tools/azrev.pl?q=15805374</a> |
| 942 ## - ADDED ENTRY ELEMENTS (KOHA) | |
| Institution code [OBSOLETE] | NBS |
| Koha item type | Book |
| Call number prefix | 658.45 PRI |
| Withdrawn status | Lost status | Damaged status | Not for loan | Permanent Location | Current Location | Date acquired | Total Checkouts | Full call number | Barcode | Date last seen | Price effective from | Koha item type |
|---|---|---|---|---|---|---|---|---|---|---|---|---|
| Central Library (CL) | Central Library (CL) | 08/28/2013 | 658.45 PRI | NBS6640 | 08/28/2013 | 08/28/2013 | Book |
